01541nam a2200289 a 450000100100000000500170001000800410002702000180006804000250008608200180011110000380012924501180016726000510028530000250033650400290036150501550039059000260054565000290057165000430060065000330064370000460067691000380072295201660076095201510092695201570107799900170123400002821520250430073846.0110407s2011 dr a 001 0 spa d a9789945872323 aDO-SdBNPbspacBNPHU a153.83bM671t1 aMirabal, Yoselman R.d1969-9177710aTú decides :bla cruda realidad a la hora de elegir /cYoselman R. Mirabal ; prólogo Miguel García Frías. aSanto Domingo :bPublicaciones Mirabal,c2011. a159 :bil. ;c22 cm. aBibliografía : p. 159.0 gPrólogo --tAntes de empezar --tTipos de decisiones --tCosas que influyen en la toma de decisiones --tCómo tomar decisiones --gBibliografía. aInventariado, 2018/LP 4aToma de decisiones95494 0aAutorrealización (Psicología)9211 4aTécnicas de autoayuda93871 aGarcía Frías, Miguel,epról.955210 aValidado. Control de calidad EMS. 001054708DSaGRbGRcHDd2011-04-07iLF1l0o153.83 M671tp28215-30r2020-06-25te. 3w2020-06-25yLFDSzDedicado por el autor a la BNPHU.ZPréstamo en sala 0010718PDaPDbPDcHDd2011-04-07iLF1l0o153.83 M671tp28215-10r2020-06-25w2020-06-25yLFPDzDedicado por el autor a la BNPHU.ZNo se presta 0010718PDaPDbPDcHDd2011-04-07iLF1l0o153.83 M671tp28215-20r2020-06-25te. 2w2020-06-25yLFPDzDedicado por el autor a la BNPHU.ZNo se presta c27707d27707